| 000 | 00349nam a2200145Ia 4500 | ||
|---|---|---|---|
| 999 |
_c929 _d929 |
||
| 008 | 191201s2005 xx 000 0 und d | ||
| 082 |
_a005.133 _bPRP |
||
| 100 | _aPratt, Terrence W | ||
| 245 | 0 | _aProgramming Languages | |
| 250 | _a4th | ||
| 260 |
_aN.Delhi _bPearson Education _c2005 |
||
| 300 | _a657 | ||
| 650 | _aB.Tech(CSE) | ||
| 942 |
_2ddc _cBK _03 |
||